Exigência e administração tributária / (Record no. 1537)

MARC details
000 -LÍDER
Campo Fixo de Controle 00824nam a2200241 a 4500
001 - NÚMERO DE CONTROLE
Campo de Controle 1537
003 - IDENTIFICAÇÃO DO NÚMERO DE CONTROLE
Campo de Controle BR-CuiBMT
005 - DATA E HORA DA ÚLTIMA ATUALIZAÇÃO
Campo de Controle 20231214193707.0
008 - DADOS FIXOS
Dados Fixos 231108s201u rjb 000 0 por d
040 ## - AGÊNCIA CATALOGADORA
Código da Agência Catalogadora BR-CuiBMT
Agência que transcreveu o registro BR-CuiBMT
080 ## - Nº DA CLASSIFICAÇÃO DECIMAL UNIVERSAL
Nº edição CDU 2007
Nº Class. CDU 34:336.225
090 ## - NÚMERO DE CHAMADA
Nº classificação 34:336.225
Cutter X3e
100 1# - ENTRADA PRINCIPAL -- AUTOR PESSOAL
Nome pessoal Xavier, Bianca
245 10 - TÍTULO PRINCIPAL
Título principal Exigência e administração tributária /
Indicação de responsabilidade Bianca Xavier.
260 ## - PUBLICAÇÃO, DISTRIBUIÇÃO, ETC.
Local de publicação Rio de Janeiro :
Editora FGV,
Data [201-].
300 ## - DESCRIÇÃO FÍSICA
N. páginas ou volumes 123 p. ;
Dimensões 29 cm
500 ## - NOTAS GERAIS
Notas gerais "Fascículo elaborado para o curso Pós Graduação em Direito e Controle Externo na Administração Pública."
504 ## - NOTA DE BIBLIOGRAFIA, ETC.
Nota de bibliografia Inclui bibliografia.
610 1# - ASSUNTO -- ENTIDADE
Nome da Entidade ou lugar Mato Grosso.
Unidade subordinada Tribunal de Contas do Estado.
650 ## - ASSUNTO TÓPICO
Cabeçalho tópico ou nome geográfico Finanças públicas
Subdivisão geral Controle
Subdivisão geográfica Brasil
650 ## - ASSUNTO TÓPICO
Cabeçalho tópico ou nome geográfico Administração pública
Subdivisão geral Controle externo
942 ## - ELEMENTOS DE ENTRADA ADICIONAIS (KOHA)
Fonte de classificação ou esquema de arquivamento Classificação Decimal Universal
Tipo de item do Koha Livros
Holdings
Estado: removido Estado: perdido Fonte de classificação ou esquema de arquivamento Estado: danificado Indisponível para empréstimo Localização permanente Localização atual Data de aquisição Total Checkouts Número de Chamada completo Código de barras Date last seen Número do exemplar Preço efetivo a partir de Tipo de item (Koha)
    Classificação Decimal Universal     Biblioteca da Escola Superior de Contas do TCE/MT Biblioteca da Escola Superior de Contas do TCE/MT 14/12/2023   34:336.225 X3e BIBTCEMT23120497 14/12/2023 Ex. 1 14/12/2023 Livros

Powered by Koha